HTML pocket reference (Record no. 131)

MARC details
000 -LEADER
fixed length control field 00381nam a2200145Ia 4500
008 - FIXED-LENGTH DATA ELEMENTS--GENERAL INFORMATION
fixed length control field 130318s9999 xx 000 0 und d
020 ## - INTERNATIONAL STANDARD BOOK NUMBER
International Standard Book Number 8173662479
082 ## - DEWEY DECIMAL CLASSIFICATION NUMBER
Classification number 006.74H NIE/H
100 ## - MAIN ENTRY--PERSONAL NAME
Personal name Niederst, Jennifer
245 ## - TITLE STATEMENT
Title HTML pocket reference
260 ## - PUBLICATION, DISTRIBUTION, ETC.
Name of publisher, distributor, etc. Oreilly/Shroff Publishers and Distributors
Place of publication, distribution, etc. Mumbai
Date of publication, distribution, etc. 2000
300 ## - PHYSICAL DESCRIPTION
Extent 92
650 ## - SUBJECT ADDED ENTRY--TOPICAL TERM
Topical term or geographic name entry element HTML
650 ## - SUBJECT ADDED ENTRY--TOPICAL TERM
Topical term or geographic name entry element MARKUP LANGUAGES
Holdings
Withdrawn status Lost status Damaged status Not for loan Collection code Home library Current library Shelving location Date acquired Cost, normal purchase price Total Checkouts Total Renewals Full call number Barcode Date last seen Date last checked out Price effective from Koha item type
        HTML/ PHP/ MYSQL Kerala University of Digital Sciences, Innovation and Technology Knowledge Centre Kerala University of Digital Sciences, Innovation and Technology Knowledge Centre Computer Science 18/03/2013 55.00 8 1 006.74H NIE/H 131 26/07/2023 25/07/2023 18/03/2013 Books